| 000 | 01566cam a22002174a 4500 | ||
|---|---|---|---|
| 005 | 20250605164142.0 | ||
| 008 | 250528s ||||||||||||||||||||||||d | ||
| 035 | _a19020 | ||
| 020 | _a136501281 | ||
| 040 |
_aGR-AtMCL _bgre _dGR-AtMCL _eAACR2 |
||
| 245 | 1 | _aInterpreting Company Reports and Accounts / Sixth Edition | |
| 250 | _a6th | ||
| 260 |
_bPrentice Hall, _c1997 |
||
| 300 | _a302 | ||
| 520 | _aThe most readily available source of information on a company's activities, its profitability and its prospects. Preface, Introduction, Company Reports and Accounts - An Introduction, Accounting Standards and the Principles of Financial Reporting, Formation, Forming a Company, Admission to Listing, The Balance Sheet, Capital Employed, Share Capital and Reserves, Loan Capital, Assets: Fixed Assets, Intangible Fixed Assets, Tangible Fixed Assets, Fixed Asset Investments, Current Assets, Stocks and Work in Progress, Debtors, Current Asset Investments and Cash at Bank and in Hand, Current Liabilities, Bank Loans and Overdrafts, Derivatives and Other Financial Instruments, Creditors and Provisions and Contingent Liabilities, The Profit and Loss Account, Turnover and Trading Profit and Pre-tax Profit, Taxation, Profits after Tax and Dividends and Earnings per Share, Cash Flow, Cash Flow Statements, The Group, Acquisitions and Mergers, Other, Foreign Exchange, Interim Statements, Inflation Accounting, Appendices, Index. | ||
| 700 | 1 |
_aHolmes Geoffrey _95299 |
|
| 700 | 1 |
_aSugden Alan _95300 |
|
| 942 | _cBK | ||
| 999 |
_c4308 _d4308 |
||